Revealing dealing? (Record no. 76976)
[ view plain ]
| 000 -LEADER | |
|---|---|
| fixed length control field | 00835cab a2200193 4500 |
| 001 - CONTROL NUMBER | |
| control field | ##L133392 |
| 008 - FIXED-LENGTH DATA ELEMENTS--GENERAL INFORMATION | |
| fixed length control field | 060505n2006 000 0 eng u |
| 035 ## - SYSTEM CONTROL NUMBER | |
| System control number | (Sirsi) u133392 |
| 041 0# - LANGUAGE CODE | |
| Language code of text/sound track or separate title | eng |
| 100 1# - MAIN ENTRY--PERSONAL NAME | |
| Personal name | Norris, Daniel |
| 245 00 - TITLE STATEMENT | |
| Title | Revealing dealing? |
| 260 ## - PUBLICATION, DISTRIBUTION, ETC. | |
| Date of publication, distribution, etc. | 2006 |
| 490 #0 - SERIES STATEMENT | |
| Series statement | Solicitors' Journal |
| Volume/sequential designation | 150(15) 21 April 2006, 495-496(2) |
| 520 ## - SUMMARY, ETC. | |
| Summary, etc. | Outlines the main provisions of the Freedom of Information Act 2000, and considers its advantages and disadvantages for the property sector. Looks at the measures that can be taken by businesses to limit their liability to disclosure when dealing with public and local authorities. |
| 590 ## - LOCAL NOTE (RLIN) | |
| Local note | IKA090506 |
| 650 24 - SUBJECT ADDED ENTRY--TOPICAL TERM | |
| Topical term or geographic name entry element | FREEDOM OF INFORMATION ACT 2000 |
| 690 ## - LOCAL SUBJECT ADDED ENTRY--TOPICAL TERM (OCLC, RLIN) | |
| Topical term or geographic name as entry element | MANAGEMENT-BUSINESS MANAGEMENT-INFORMATION MANAGEMENT-BUSINESS COMMUNICATION MANAGEMENT |
| 942 ## - ADDED ENTRY ELEMENTS (KOHA) | |
| Suppress in OPAC | 0 |
| Withdrawn status | Lost status | Source of classification or shelving scheme | Damaged status | Not for loan | Home library | Current library | Shelving location | Date acquired | Total Checkouts | Full call number | Barcode | Date last seen | Copy number | Price effective from | Koha item type |
|---|---|---|---|---|---|---|---|---|---|---|---|---|---|---|---|
| Dewey Decimal Classification | London | London | Journal article | 05/05/2006 | L133392 | 133392-1001 | 06/08/2019 | 1 | 06/08/2019 | Journal article |